| 000 | 01322nam a2200349 i 4500 | ||
|---|---|---|---|
| 003 | DO-SdBNP | ||
| 005 | 20260428115754.0 | ||
| 007 | ta | ||
| 008 | 100921s1993 dr 000 0 spa d | ||
| 040 |
_aDO-SdBNP _bspa _cBNPHU _erda |
||
| 041 | _aspa | ||
| 082 | 4 |
_a923.17293 _bB171b _222 |
|
| 245 | 0 | 0 |
_aPerfiles de Balaguer / _cSantiago Moquete ... [et al.] ; editor, Ramón Lorenzo Perelló ; Diógenes Valdéz |
| 250 | _aprimera edición | ||
| 264 | 4 |
_aSanto Domingo : _bFundación Pro-Cultura Dominicana, _c©1993. |
|
| 300 |
_a436 páginas ; _c25 cm. |
||
| 336 |
_atexto _btxt _2rdacontent |
||
| 337 |
_asin mediación _bn _2rdamedia |
||
| 338 |
_avolumen _bnc _2rdacarrier |
||
| 500 | _aIncluye referencias bibliográficas y notas al pie de las páginas | ||
| 590 | _aInventariado, 2026/BT | ||
| 600 | 1 | 0 |
_a Balaguer, Joaquín, _d1906-2002 _xCritica e interpretación _976556 |
| 700 | 1 |
_aMoquete, Santiago, _eautor _4aut. _946012 |
|
| 700 | 1 |
_aVeloz Maggiolo, Marcio, _eautor _4aut. _986683 |
|
| 700 | 1 |
_aEstrella, Eduardo, _eautor _4aut. _987667 |
|
| 700 | 1 |
_aFernández Spencer, Antonio, _eautor _4aut. _989297 |
|
| 700 | 1 |
_aCaba, Pedro, _eautor _4aut. _989298 |
|
| 700 | 1 |
_aCalvo, Félix, _eautor _4aut. _989299 |
|
| 700 | 1 |
_aPerelló, Ramón Lorenzo, _eeditor _4ed. _912381 |
|
| 910 | _aBtavárez | ||
| 942 |
_2ddc _cLBS1 |
||
| 999 |
_c60531 _d60531 |
||